| 000 | 00928cam a22002655a 4500 | ||
|---|---|---|---|
| 001 | 15979584 | ||
| 005 | 20201128021524.0 | ||
| 008 | 091110s2010 enka frb 001 0 eng d | ||
| 020 | _a9780321435330 | ||
| 040 |
_aDLC _beng _cDLC _dEG-ScBUE _dEG-ScBUE |
||
| 082 | 0 | 4 |
_a004.21 _bBEN _222 |
| 100 | 1 |
_aBenyon, David. _92725 |
|
| 245 | 1 | 0 |
_aDesigning interactive systems : _ba comprehensive guide to HCI and interaction design / _cDavid Benyon. |
| 250 | _a2nd ed. | ||
| 260 |
_aHarlow : _bAddison Wesley / Pearson, _c2010. |
||
| 300 |
_axxxii, 678 p : _bill. (col.) ; _c27 cm. |
||
| 500 | _aIndex : p. 663-678. | ||
| 504 | _aBibliography : p. 645-662. | ||
| 650 | 7 |
_aHuman-computer interaction. _2BUEsh _9859 |
|
| 650 | 0 |
_aInteractive computer systems _xDesign. _2BUEsh |
|
| 650 | 7 |
_aUser interfaces (Computer systems) _2BUEsh _92676 |
|
| 651 | _2BUEsh | ||
| 653 |
_bCOMSCI _cAugust2015 _cNovember2015 |
||
| 942 | _2ddc | ||
| 999 |
_c20629 _d20601 |
||